000 00618na a2200205 4500
001 19181
003 MIRAKIL
005 20181213155058.0
008 161209b tu 000 0
040 _aMilas
_btur
_cTR-AnCHP
041 _atur
082 _a636.3145
_bY95 2010
090 _a636.3145 Y95 2010
245 _aYün
_bDaha sağlıklı ve daha güvenli bir çevreye doğru değişim
_cIWTO
260 _a[y.y.]
_bTürkiye Tekstil Sanayii İşverenleri Sendikası
_c2010
300 _a10 s.
_bres.; tbl.; grf.
_c24x24 sm. +
_e1 CD
650 _aYün yetiştirme
_xÜretim
710 _aIWTO
942 _2ddc
_cBKS
999 _c6162
_d6162